00518 a2200157 450000500170000000800410001702000180005808200150007610000200009124500490011126000270016030000130018794200070020099900190020795201340022620260216155849.0260212b |||||||| |||| 00| 0 eng d a9781419707742 a720.28/RIN aRinzler9216727 aStar Wars Story boards: The original Trilogy bAbramsc2014aNew York a350pbHB cBK c370428d370428 00102ddc4070aBNCAbBNCAd2026-02-12e221g3668.38l0o720.28/RINpBNCA-BK-13464r2026-02-12 00:00:00v3668.38w2025-12-17yBK